| 000 | 00393nam a22001697a 4500 | ||
|---|---|---|---|
| 005 | 20180728123635.0 | ||
| 008 | 160614b xxu||||| |||| 00| 0 eng d | ||
| 020 | _a978-0-07-058190-6 | ||
| 041 | _aeng | ||
| 082 |
_b7450 _a658.3 |
||
| 100 |
_aShekharan, Uma _91889 |
||
| 245 | _aOrganization Behaviour | ||
| 260 |
_bTMH _adelhi |
||
| 300 | _a325p, | ||
| 650 |
_aManagement _9241 |
||
| 942 | _cBK | ||
| 999 |
_c2655 _d2654 |
||